Language Quiz

Random Language or Letter Quiz

'Dis' or 'Dat' Word Blitz Quiz Stats

 Plays Quiz Updated Mar 14, 2015

Also try: Past Tense Blitz
Challenge
Share
Tweet
Embed
Score 0/36 Timer 01:30
2 Plays Today
Word Dis or Dat? % Correct
___guise???
81.2%
___cover???
81.1%
___criminate???
81%
___turb???
80.8%
in___creet???
80.7%
___ease???
80.7%
in___posed???
80.5%
pre___pose???
80.4%
___play???
79.9%
foun___ion???
79.6%
recommen___ion???
79.6%
accommo___ed???
79.3%
man___ory???
78.9%
intimi___e???
78.8%
___ebook???
78.8%
___co???
78.7%
outlan___h???
78.7%
bran___h???
78.1%
Word Dis or Dat? % Correct
consoli___e???
77.4%
up___e???
77.3%
ra___h???
77.3%
back___ed???
76.8%
aphro___iac???
76.5%
vali___ion???
76.4%
inun___ed???
76.1%
___um???
74.5%
___abase???
73.8%
pre___or???
73%
se___ive???
72.7%
equi___tant???
72.7%
gra___ions???
72.5%
od___h???
72.3%
para___e???
71.8%
absur___m???
71.8%
oxi___ive???
67.2%
feu___ory???
64.7%

You're not logged in!

Compare scores with friends on all Sporcle quizzes.
OR
Log In

You Might Also Like...

Show Comments

Extras

Top Quizzes Today


Score Distribution

Your Account Isn't Verified!

In order to create a playlist on Sporcle, you need to verify the email address you used during registration. Go to your Sporcle Settings to finish the process.

Report this User

Report this user for behavior that violates our Community Guidelines.

Details: